A place at the altar : priestesses in Republican Rome /

Bibliographic Details
Main Author: DiLuzio, Meghan J.
Corporate Author: EBSCOhost
Format: eBook
Language:English
Published: Princeton : Princeton University Press, 2016.
Subjects:
Online Access:Connect to the full text of this electronic book

MARC

Tag First Indicator Second Indicator Subfields
LEADER 00000cam a2200000Ma 4500
001 in00004421113
005 20210422122547.0
006 m o d
007 cr |n|||||||||
008 160930s2016 nju ob 001 0 eng d
020 |a 1400883032  |q (electronic bk.) 
020 |a 9781400883035  |q (electronic bk.) 
020 |z 0691169578 
020 |z 9780691169576 
024 8 |a 99986469750 
035 |a (NhCcYBP)ybp13012932 
037 |a 957183  |b MIL 
037 |a 22573/ctt1q22z8m  |b JSTOR 
040 |a NhCcYBP  |c NhCcYBP  |d UtOrBLW 
043 |a e------  |a aw-----  |a ff----- 
050 4 |a BL815.W66  |b D55 2016 
072 7 |a OCC  |x 036020  |2 bisacsh 
072 7 |a REL  |x 072000  |2 bisacsh 
072 7 |a REL114000  |2 bisacsh 
072 7 |a HIS002020  |2 bisacsh 
082 0 4 |a 292.6/1  |2 23 
100 1 |a DiLuzio, Meghan J. 
245 1 2 |a A place at the altar :  |b priestesses in Republican Rome /  |c Meghan J. DiLuzio. 
264 1 |a Princeton :  |b Princeton University Press,  |c 2016. 
300 |a 1 online resource. 
336 |a text  |b txt  |2 rdacontent 
337 |a computer  |b c  |2 rdamedia 
338 |a online resource  |b cr  |2 rdacarrier 
588 0 |a Print version record. 
504 |a Includes bibliographical references and index. 
505 0 |a Introduction -- The Flamen and Flaminica dialis -- Priestly couples -- Salian virgins, sacerdotes, and ministrae -- The Vestal Virgins -- The costume of the Vestal Virgins -- The ritual activities of the Vestal Virgins -- The Vestal Virgins in Roman politics -- Conclusion. 
500 |a Electronic resource. 
650 0 |a Women priests  |z Rome. 
651 0 |a Rome  |x Religion.  |0 http://id.loc.gov/authorities/subjects/sh96009771 
651 0 |a Rome  |x Religious life and customs.  |0 http://id.loc.gov/authorities/subjects/sh2008116734 
655 7 |a Electronic books.  |2 local 
710 2 |a EBSCOhost. 
776 1 8 |c Original  |z 9780691169576  |z 0691169578  |w (DLC) 2015047927 
856 4 0 |u http://proxy.library.tamu.edu/login?url=https://search.ebscohost.com/login.aspx?direct=true&scope=site&db=nlebk&db=nlabk&AN=1232561  |z Connect to the full text of this electronic book  |t 0 
945 |b 767431 
955 |a YBP purchased EBSCO DDA e-records 
999 f f |s d324e674-a895-399a-81f2-94affff29ec3  |i 9fbee64a-1e00-3215-8290-866e7cf6bded  |t 0 
952 f f |a Texas A&M University  |b College Station  |c Electronic Resources  |d Available Online  |t 0  |e BL815.W66 D55 2016  |h Library of Congress classification 
998 f f |a BL815.W66 D55 2016  |t 0  |l Available Online